000 00275nam a2200121Ia 4500
100 _aKONDVILKAR MADHAV
942 _cBK
366 _f50
245 _aMUKKAM POST DEVANCHE GOTHANE
260 _bRAJYA MARATHI VIKAS SANSTHA
_aMumbai
_c2001
300 _a340
546 _aMARATHI
999 _c20027
_d20027